| 000 | 00856nam a2200181 a 4500 | ||
|---|---|---|---|
| 001 | 000016995 | ||
| 005 | 20240705073646.0 | ||
| 008 | 100312d1933 dr r 000 0 spa d | ||
| 040 |
_aDO-SdBNP _bspa _cBNPHU |
||
| 082 |
_axxxx _bD611p |
||
| 100 | 1 |
_aHostos, Eugenio María de, _d1839-1903 _91352 |
|
| 245 | 1 | 3 |
_aLa Escuela Normal y el Instituto de Señoritas : _bPáginas para la historia de la cultura dominicana / _cEugenio María Hostos. |
| 260 |
_aSanto Domingo : _bLa Nación, _c1933. |
||
| 300 |
_a37 p. ; _c24 cm. |
||
| 500 | _aDiscurso pronunciado por Eugenio María Hostos, director de la Escuela Normal de Santo Domingo, en la primera investidura, de alumnas del Instituto de Señoritas, dirigido por Salomé Ureña de Henríquez, 17 de abril de 1887. | ||
| 500 | _aIncluye notas al pie de páginas | ||
| 500 | _aEdición de la revista de educación | ||
| 999 |
_c16523 _d16523 |
||